| 000 | 00370 a2200121 4500 | ||
|---|---|---|---|
| 005 | 20250623064941.0 | ||
| 082 | _aLM 621.381 GIL | ||
| 100 | _aGILLIE, A. C. | ||
| 245 | _aElectrical Principles of Electronics | ||
| 260 |
_aNew York, _bMcGraw-Hill Book Company, _c1961. |
||
| 300 |
_axvii, 532p.: ill.; figure, picture, table. _bBibliography & index. _c24cm. |
||
| 942 |
_2ddc _cBKS |
||
| 999 |
_c4327 _d4327 |
||